Поміж ворогами (Запис № 371251)

МАРК-запис
000 -LEADER
fixed length control field 00780nam a22002537a 4500
001 - CONTROL NUMBER
control field 84936
003 - CONTROL NUMBER IDENTIFIER
control field UA-OsUOA
005 - DATE AND TIME OF LATEST TRANSACTION
control field 20210721211725.0
007 - PHYSICAL DESCRIPTION FIXED FIELD--GENERAL INFORMATION
fixed length control field ta
008 - FIXED-LENGTH DATA ELEMENTS--GENERAL INFORMATION
fixed length control field 20120612b un ||||| |||| 00| 0 ukr d
040 ## - CATALOGING SOURCE
Original cataloging agency UA-OsUOA
Language of cataloging ukr
Transcribing agency UA-OsUOA
Modifying agency UA-OsUOA
041 ## - LANGUAGE CODE
Language code of text/sound track or separate title ukr
080 ## - UNIVERSAL DECIMAL CLASSIFICATION NUMBER
Universal Decimal Classification number 821.161.2:09
090 ## - LOCALLY ASSIGNED LC-TYPE CALL NUMBER (OCLC); LOCAL CALL NUMBER (OCLC)
Classification number (OCLC) (R) ; Classification number, CALL (RLIN) (NR) 821.161.2:09
Local cutter number (OCLC) ; Book number/undivided call number, CALL (RLIN) Л37
100 ## - MAIN ENTRY--PERSONAL NAME
Personal name Левіцький І.
245 ## - TITLE STATEMENT
Title Поміж ворогами
Remainder of title повість
260 ## - PUBLICATION, DISTRIBUTION, ETC. (IMPRINT)
Place of publication, distribution, etc Вінніпег
Date of publication, distribution, etc 1922
300 ## - PHYSICAL DESCRIPTION
Extent 171 с.
650 #7 - SUBJECT ADDED ENTRY--TOPICAL TERM
Topical term or geographic name as entry element 09 Рукописи. Раритети і рідкісні видання
Source of heading or term UDC
650 #7 - SUBJECT ADDED ENTRY--TOPICAL TERM
Topical term or geographic name as entry element 82 Література. Літературознавство
Source of heading or term UDC
942 ## - ADDED ENTRY ELEMENTS (KOHA)
Koha item type Рідкісне/цінне видання
Source of classification or shelving scheme Universal Decimal Classification
955 ## - COPY-LEVEL INFORMATION (RLIN)
Classification number, CCAL (RLIN) Літературно-художні видання
Фонди
Withdrawn status Lost status Source of classification or shelving scheme Damaged status Not for loan Collection code Home library Current library Date acquired Source of acquisition Cost, normal purchase price Inventory number Total Checkouts Full call number Barcode Date last seen Price effective from Koha item type
    Universal Decimal Classification     Колекція бібліотеки інституту Св. Івана АБ - Абонемент НБ АБ - Абонемент НБ 12/06/2012 48/2012 5.00 139226   821.161.2 Л37 139226 07/12/2021 12/06/2012 Рідкісне/цінне видання
    Universal Decimal Classification     Колекція Центру дослідження імміграційної історії Міннесотського університету Наукова бібліотека ІДУД Наукова бібліотека ІДУД 11/03/2015 322/2015 1.00 2137508   09.-82-3 Л37 2137508 15/09/2019 11/03/2015 Книги